Normal view
MARC view
- Parker, Lynne E
Entry Personal Name
001 - CONTROL NUMBER
- control field: 84657
003 - CONTROL NUMBER IDENTIFIER
- control field: NUST
005 - DATE AND TIME OF LATEST TRANSACTION
- control field: 20211119154604.0
008 - FIXED-LENGTH DATA ELEMENTS
- fixed length control field: 211119|| aca||aabn | a|a d
040 ## - CATALOGING SOURCE
- Original cataloging agency: NUST
- Transcribing agency: NUST
100 ## - HEADING--PERSONAL NAME
- Personal name: Parker, Lynne E
670 ## - SOURCE DATA FOUND
- Source citation: Work cat.: (NUST)31959: International Workshop on Multi-Robot Systems (3rd : 2005 : Naval Research Laboratory) 84654, Multi-robot Systems : Vol. III, Proceedings from the 2005 International Workshop on Multi-Robot Systems /, c2003.
